000 00500nam a2200169 i 4500
001 bg
100 1 _aFRĄCKOWIAK, Miłosz
245 0 _aĆwiczenia z hydromechaniki okrętu. Skrypt /
_cMiłosz Frąckowiak, Maciej Pawłowski.
260 _aGdańsk :
_bPolit. Gdańska,
_c1978.
300 _as. 394 :
_brys., tab. [w tym] nlb. 7.
700 1 _aPAWŁOWSKI, Maciej
040 _cBPK
041 _apol
080 _a629.12:532(075.8)(076)
942 _cKS
008 s pl f |000 0 pol
999 _c17912
_d17912
856 _uhttp://koha.tu.koszalin.pl/cgi-bin/koha/opac-detail.pl?biblionumber=17912
_yKatalog online BPK